00584nam a22001577a 4500999001900000020001600019082001100035100001700046245010400063260003700167300001000204942001300214650004600227700002800273952012500301 c534133d534133 qHard Cover. a660.01 aJaved, Hijab aCloning and Mutational Analysis of HBx Gene from the blood of HBV Infected Patients /cHijab Javed. aIslamabad :bASAB - NUST,c2016. c30cm. 2ddccTHE aHealthcare Biotechnolgy MS-Thesis.928279 aDr. Hajra Sadia.927674 00102ddc406660_010000000000000709495805aCLbCLcTHEd2020-02-04l0o660.01pCL-T-4929r2020-02-04w2020-02-04yTHE